Известия Собрания инженеров путей сообщения; № 1 : Железные дороги большой скорости; № 2 : Дмитрий Сергеевич Сумароков; № 3 : Железные дороги большой скорости; № 4 : Железные дороги большой скорости; № 5 : Заметки о централизации стрелок и сигналов на германских железных дорогах; № 6 : От Совета Собрания инженеров путей сообщения; № 7 : О введении в Институт инженеров путей сообщения системы предметного преподавания; № 8 : Беседа в собрании инженеров путей сообщения о предметном способе испытания познаний учащихся в высших технических учебных заведениях по сравнению с курсовым; № 9 : Продолжение товарищеской беседы в Собрании инженеров путей сообщения по вопросу о введении в Институт инженеров путей сообщения предметной системы преподавания; № 10 : Из практики постройки железных дорог; № 11 : Яков Гаврилович Алексеев; № 12 : К инженерам путей сообщения

Opis bibliograficzny
Korporacja: Институт инженеров путей сообщения императора Александра I
Kolejni autorzy: Митинский Н. Н. (редактор), Иолшин А. А.
Streszczenie:Напечатано гражданским шрифтом
Текст в русской дореформенной орфографии
Język:rosyjski
Wydane: Санкт-Петербург, Типография Ю. Н. Эрлих, 1905
Copublished:. № 1 : Железные дороги большой скорости; . № 2 : Дмитрий Сергеевич Сумароков; . № 3 : Железные дороги большой скорости; . № 4 : Железные дороги большой скорости; . № 5 : Заметки о централизации стрелок и сигналов на германских железных дорогах; . № 6 : От Совета Собрания инженеров путей сообщения; . № 7 : О введении в Институт инженеров путей сообщения системы предметного преподавания; . № 8 : Беседа в собрании инженеров путей сообщения о предметном способе испытания познаний учащихся в высших технических учебных заведениях по сравнению с курсовым; . № 9 : Продолжение товарищеской беседы в Собрании инженеров путей сообщения по вопросу о введении в Институт инженеров путей сообщения предметной системы преподавания; . № 10 : Из практики постройки железных дорог; . № 11 : Яков Гаврилович Алексеев; . № 12 : К инженерам путей сообщения
Hasła przedmiotowe:
Format: Książka
KOHA link:https://koha.lib.tpu.ru/cgi-bin/koha/opac-detail.pl?biblionumber=350292

MARC

LEADER 00000nam0a2200000 4500
001 350292
005 20231102010304.0
035 |a (RuTPU)RU\TPU\retro\4103 
035 |a RU\TPU\retro\1841 
090 |a 350292 
100 |a 20181224c1905 km y0rusy50 ca 
101 0 |a rus 
102 |a RU 
105 |a a z 000zy 
200 1 |a Известия Собрания инженеров путей сообщения  |f отв. ред. Н. Н. Митинский, А. А. Иолшин  |v Т. 25  |f Институт инженеров путей сообщения императора Александра I  |f отв. ред. Н. Н. Митинский, А. А. Иолшин 
210 |a Санкт-Петербург  |c Типография Ю. Н. Эрлих  |d 1905 
215 |a 294 с. 
300 |a Напечатано гражданским шрифтом 
300 |a Текст в русской дореформенной орфографии 
316 |5 63413507: М-132850  |a Во владельческом переплете № 1-12 
316 |5 63413507: М-132850  |a На с. 1 владельческая подпись: "Бутаков" 
317 |5 63413507: М-132850  |a Поступила в НТБ в 1970 г. в составе книжного собрания профессора ТПИ И. Н. Бутакова 
320 |a Постраничные примечания и ссылки 
423 |t № 1 : Железные дороги большой скорости  |n Типография Ю. Н. Эрлих  |d 1906  |p С. 1-24 
423 |t № 2 : Дмитрий Сергеевич Сумароков  |p С. 25-47 
423 |t № 3 : Железные дороги большой скорости  |o Продолжение  |p С. 52-72 
423 |t № 4 : Железные дороги большой скорости  |o Окончание  |p С. 73-105 
423 |t № 5 : Заметки о централизации стрелок и сигналов на германских железных дорогах  |o Продолжение  |p С. 106-120 
423 |t № 6 : От Совета Собрания инженеров путей сообщения  |p С. 121-144 
423 |t № 7 : О введении в Институт инженеров путей сообщения системы предметного преподавания  |p С. 145-168 
423 |t № 8 : Беседа в собрании инженеров путей сообщения о предметном способе испытания познаний учащихся в высших технических учебных заведениях по сравнению с курсовым  |o Заседание первое 22 марта 1905 г.  |o Стенографический отчет  |p С. 169-192 
423 |t № 9 : Продолжение товарищеской беседы в Собрании инженеров путей сообщения по вопросу о введении в Институт инженеров путей сообщения предметной системы преподавания  |o Заседание 1-го апреля 1905 г.  |o Стенографический отчет  |p С. 193-216 
423 |t № 10 : Из практики постройки железных дорог  |o Продолжение  |o Доклад Собранию 6 октября 1906 г.  |p С. 133-152 
423 |t № 11 : Яков Гаврилович Алексеев  |p С. 239-262 
423 |t № 12 : К инженерам путей сообщения  |p С. 264-294 
517 1 |a Извъстiя собранiя инженеровъ путей сообщенiя 
606 1 |a Железные дороги  |x Эксплуатация  |2 stltpush  |3 (RuTPU)RU\TPU\subj\10443  |9 37515 
610 1 |a техническая эксплуатация 
610 1 |a железобетонные элементы 
610 1 |a железнодорожные мосты 
610 1 |a железнодорожные краны 
610 1 |a пути сообщения 
610 1 |a соединения 
610 1 |a письма 
610 1 |a сигнализация 
610 1 |a паровозы 
610 1 |a вагоны 
610 1 |a мостовые соединения 
610 1 |a реки 
610 1 |a институты 
610 1 |a библиотека И. Н. Бутакова 
675 |a 656.21  |v 3 
702 1 |a Митинский  |b Н. Н.  |4 340 
702 1 |a Иолшин  |b А. А.  |4 340 
712 0 2 |a Институт инженеров путей сообщения императора Александра I  |c (Санкт-Петербург)  |c (1877-1924)  |2 stltpush  |3 (RuTPU)RU\TPU\col\13502  |9 25700 
801 1 |a RU  |b 63413507  |c 20170131 
801 2 |a RU  |b 63413507  |c 20190807  |g RCR 
942 |c BK